• 首页
  • 本馆介绍
  • 公告通知
  • 最新文献
  • 馆藏检索
  • 电子资源
  • 读者导购
  • 参考咨询
  • 我的图书馆
  • 登录
  • 详细信息显示
  • 放入我的书架
  • 预约/预借图书
  • 作者相关作品
  • 分类相关作品
  • 丛书相关作品
  • 出版社相关作品

书目信息

  • 表格格式
  • 工作单格式
  • 卡片格式
题名:
农民运动史话
    
 
作者: 方之光 , 龚云 著
分册:  
出版信息: 北京   社会科学文献出版社  2011.12
页数: 152页
开本: 21cm
丛书名: 中国史话
单 册:
中图分类: K250.6 , K261.406
科图分类:
主题词: 农民运动--中国--近现代--史料 , 农民运动
电子资源:
ISBN: 978-7-5097-2832-1
000 01168oam2 2200313 450
001 010010089892
005 20120619161323.90
010    @a978-7-5097-2832-1@dCNY15.00
100    @a20120120d2011 em y0chiy0110 ea
101 0  @achi
102    @aCN@b110000
105    @aa z 000yy
106    @ar
200 1  @a农民运动史话@9nong min yun dong shi hua@dA brief history of peasant movement in China@f方之光,龚云著@zeng
210    @a北京@c社会科学文献出版社@d2011.12
215    @a152页@c照片@d21cm
225 2  @a中国史话@i近代政治史系列@v134
300    @a“十二五”国家重点出版规划项目
330    @a本书介绍中国近代农民运动史,分为八章,包括近代农民的悲惨生活与反抗斗争、太平天国运动、义和团运动、白朗起义、农村大革命、共产党领导的土地革命、抗日战争中的农民运动、土地改革运动。
462  0 @12001 @a近代政治史系列
510 1  @aBrief history of peasant movement in China@zeng
606 0  @a农民运动@y中国@z近现代@j史料
606 0  @a农民运动
690    @aK250.6@v5
690    @aK261.406@v5
701  0 @a方之光@9fang zhi guang@f(1933~)@4著
701  0 @a龚云@9gong yun@f(1971.9~)@4著
801  0 @aCN@bNLC@c20120306
905    @b538243-47@dK250.6@e183@f5
    
    农民运动史话=A brief history of peasant movement in China/方之光,龚云著.-北京:社会科学文献出版社,2011.12
    152页:照片;21cm.-(中国史话.近代政治史系列;134)
    “十二五”国家重点出版规划项目
    
    ISBN 978-7-5097-2832-1:CNY15.00
    本书介绍中国近代农民运动史,分为八章,包括近代农民的悲惨生活与反抗斗争、太平天国运动、义和团运动、白朗起义、农村大革命、共产党领导的土地革命、抗日战争中的农民运动、土地改革运动。
●
相关链接 在E读中查询图书 在五车中查询图书 在当当中查询图书 在豆瓣中查询图书


正题名:农民运动史话     索取号:K250.6/183         预约/预借

序号 登录号 条形码 馆藏地/架位号 状态 备注
1 538243   205382432   第二样本阅览室/ [索取号:K250.6/183] 在馆    
2 538244   205382441   密集书库-史法系/ [索取号:K250.6/183] 在馆    
3 538245   205382450   第二借阅区/ [索取号:K250.6/183] 在馆    
4 538246   205382469   第二借阅区/ [索取号:K250.6/183] 在馆    
5 538247   205382478   第二借阅区/ [索取号:K250.6/183] 在馆    
唐山师范学院图书馆 欢迎您!
大连网信软件有限公司© 版权所有